000 01455nam a22002657a 4500
003 OSt
005 20210818181850.0
008 180129s2010 sp gr 000 fdspa d
020 _a9788427200272
040 _bspa
041 _aspa
_heng
082 0 4 _a813.5
_bP359t
100 1 _951607
_aPearce, Jackson
245 1 0 _aTres deseos
_buna novela mágica
_cJackson Pearce ; traducción de Noemí Risco
260 _aBarcelona
_bRBA Libros, S. A.
_bMolino
_c2010
300 _a300 páginas
500 _aSubtítulo tomado de la caratula del libro
501 _aDesde que su novio rompió con ella, Viola ha pasado los días deseando en silencio volver a tener a alguien que la quiera y, lo que es más importante, volver a ser parte de algo. Hasta que un día, sin darse cuenta, llama a un genio de otro mundo, que se quedará en el suyo hasta que la chica pida tres deseos. Genio está ansioso por regresar a su casa, pero a Viola le aterra desear, tiene miedo de no pedir lo correcto. Conforme los dos van pasando tiempo juntos, la línea entre amo y criado empieza a desdibujarse y Genio no tardará en reconocer que está enamorado de Viola.
534 _pTítulo original:
_tAs you wish
650 0 _924761
_aNovela Amorosa
650 0 _951608
_aDeseos
_vLiteratura Juvenil
650 0 _950951
_aNovela Fantástica Norteamericana
700 _949238
_aRisco, Noemi
_etraductora
942 _2ddc
_h813.5 P359t
_k813.5
_mP359t
999 _c12974
_d12974